The law and practice of income tax /

Saved in:
Bibliographic Details
Main Author: Kanga, J. B. 1875-1969.
Other Authors: Palkhivala, N. A. 1920-2002., Palkhivala, B. A.
Format: Book
Language:English
Published: Bombay : N.M. Tripathi, 1963.
Edition:5th ed.
Subjects:
Tags: Add Tag
No Tags, Be the first to tag this record!
LEADER 00814nam a2200253Ia 4500
001 004465075-2
005 20020606095253.2
008 830323s1963 ii k 001 0 eng d
010 |z  79901632 //r862 
035 0 |a ocm09337079 
035 0 |a ocm09337079  |z ocm19428461 
040 |a GWL  |c GWL  |d MLL  |d HVL 
082 |a 340 
100 1 |a Kanga, J. B.  |q (Jamshedji Behramji),  |d 1875-1969. 
245 1 4 |a The law and practice of income tax /  |c J.B. Kanga and N.A. Palkhivala, assisted by B.A. Palkhivala. 
250 |a 5th ed. 
260 |a Bombay :  |b N.M. Tripathi,  |c 1963. 
300 |a 2 v. :  |b forms ;  |c 26 cm. 
500 |a Includes index. 
650 0 |a Income tax  |x Law and legislation  |z India. 
700 1 |a Palkhivala, N. A.  |q (Nani Ardeshir),  |d 1920-2002. 
700 1 |a Palkhivala, B. A. 
988 |a 20020608 
906 |0 OCLC